[Event "European Blitz 2022"]
[Site "Katowice POL"]
[Date "2022.12.16"]
[Round "1.31"]
[White "Vidmar, Klara"]
[Black "Azarov, Sergei"]
[Result "0-1"]
[BlackTitle "GM"]
[WhiteElo "1812"]
[BlackElo "2562"]
[WhiteFideId "14624753"]
[BlackFideId "13501470"]
[EventDate "2022.12.16"]

1. e4 e5 2. Nf3 Nc6 3. Bc4 Bc5 4. c3 Nf6 5. d4 exd4 6. cxd4 Bb4+ 7. Bd2 Bxd2+ 8.
Nbxd2 d5 9. exd5 Nxd5 10. Qb3 Nce7 11. O-O O-O 12. Rfe1 c6 13. Ne4 Nb6 14. Bd3
Bg4 15. Ned2 Ng6 16. h3 Bxf3 17. Nxf3 Qd6 18. Rad1 Rad8 19. Ne5 Nf4 20. Bf1 Ne6
21. Nf3 Rfe8 22. a4 Qc7 23. Qb4 h6 24. b3 Nd5 25. Qc4 a5 26. Ne5 Qe7 27. Nd3 Qf6
28. Nc5 Nb6 29. Qc2 Nxd4 30. Rxe8+ Rxe8 31. Qc1 Nd5 32. Nxb7 Nc3 33. Rd3 Nce2+ 0-1

[Event "European Blitz 2022"]
[Site "Katowice POL"]
[Date "2022.12.16"]
[Round "1.32"]
[White "Keinanen, Toivo"]
[Black "Binkowska, Agata"]
[Result "1-0"]
[WhiteTitle "IM"]
[WhiteElo "2508"]
[BlackElo "1822"]
[WhiteFideId "509825"]
[BlackFideId "1162500"]
[EventDate "2022.12.16"]

1. c4 e5 2. g3 g6 3. Bg2 Bg7 4. Nc3 Ne7 5. e3 Nbc6 6. Nge2 d6 7. O-O Be6 8. b3
Qd7 9. d4 exd4 10. exd4 Bh3 11. Bxh3 Qxh3 12. Nf4 Qf5 13. Nfd5 O-O-O 14. Be3 Kb8
15. b4 Rhe8 16. b5 Nxd5 17. Nxd5 Ne7 18. Nb4 h5 19. Rb1 Nc8 20. Qc2 Qxc2 21.
Nxc2 Nb6 22. Na3 Kc8 23. Rfd1 Re4 24. Rbc1 Rde8 25. Nb1 Nd7 26. Nc3 R4e6 27. Kg2
Bf6 28. Nd5 Bg7 29. a4 c6 30. Nf4 R6e7 31. a5 Bf6 32. a6 bxa6 33. bxc6 Nb6 34.
d5 Kc7 35. c5 Nc8 36. cxd6+ Kxd6 37. Bc5+ Kc7 38. d6+ 1-0

[Event "European Blitz 2022"]
[Site "Katowice POL"]
[Date "2022.12.16"]
[Round "1.33"]
[White "Stepinski, Piotr"]
[Black "Pultinevicius, Paulius"]
[Result "0-1"]
[BlackTitle "GM"]
[WhiteElo "1707"]
[BlackElo "2561"]
[WhiteFideId "21025045"]
[BlackFideId "12809390"]
[EventDate "2022.12.16"]

1. e4 c6 2. d4 d5 3. f3 Qb6 4. Nc3 e5 5. Nge2 exd4 6. Qxd4 dxe4 7. Nxe4 Qxd4 8.
Nxd4 Nf6 9. Nxf6+ gxf6 10. Bf4 Bc5 11. O-O-O O-O 12. Nb3 Bb6 13. Bd3 Be6 14.
Rhe1 Nd7 15. Kb1 Rfe8 16. Nd2 Nc5 17. Ne4 Nxe4 18. Bxe4 Rad8 19. a3 Kg7 20. Kc1
h5 21. Rxd8 Rxd8 22. Rd1 Re8 23. h3 h4 24. Bd3 Bd5 25. Kd2 Bf2 26. c4 Be6 27. b3
a5 28. Rf1 Bc5 29. a4 Rd8 30. Kc2 Bb4 31. Rd1 Rc8 32. Be4 b5 33. Rd4 Bc5 34. Rd3
f5 0-1

[Event "European Blitz 2022"]
[Site "Katowice POL"]
[Date "2022.12.16"]
[Round "1.34"]
[White "Drozdowski, Kacper"]
[Black "Kusiak, Mateusz"]
[Result "1-0"]
[WhiteTitle "IM"]
[WhiteElo "2448"]
[BlackElo "1918"]
[WhiteFideId "1136720"]
[BlackFideId "21824584"]
[EventDate "2022.12.16"]

1. e4 c5 2. Nf3 e6 3. d4 cxd4 4. Nxd4 Nf6 5. Nc3 Nc6 6. Nxc6 bxc6 7. e5 Nd5 8.
Ne4 Bb7 9. Bd3 Qc7 10. f4 c5 11. Qe2 Rc8 12. c4 Nb4 13. Bb1 Nc6 14. Be3 Nd4 15.
Bxd4 cxd4 16. Bd3 Bb4+ 17. Kf2 d5 18. cxd5 Bxd5 19. Bb5+ Ke7 20. Bd3 Qb7 21. a3
Bxe4 22. Bxe4 Qb6 23. axb4 d3+ 24. Qe3 Rc2+ 25. Kf3 Rd8 26. Rxa7+ 1-0

[Event "European Blitz 2022"]
[Site "Katowice POL"]
[Date "2022.12.16"]
[Round "1.35"]
[White "Brzezina, Piotr"]
[Black "Kosakowski, Jakub"]
[Result "0-1"]
[BlackTitle "IM"]
[WhiteElo "1868"]
[BlackElo "2475"]
[WhiteFideId "21078874"]
[BlackFideId "1185080"]
[EventDate "2022.12.16"]

1. d4 Nf6 2. c4 e6 3. Nc3 Bb4 4. f3 d5 5. a3 Be7 6. e4 dxc4 7. Bxc4 c5 8. d5
exd5 9. exd5 O-O 10. Nge2 a6 11. a4 Bd6 12. O-O Qc7 13. g3 Bh3 14. Re1 Nbd7 15.
Nf4 Bf5 16. Be3 Rfe8 17. Bd3 Bxd3 18. Qxd3 c4 19. Qf1 Ne5 20. Bd2 Qb6+ 21. Be3
Qxb2 22. Bd4 Qc2 23. Rec1 Qf5 24. Bxe5 Bxe5 25. Qxc4 Rac8 26. Qb3 Bxf4 27. gxf4
Qxf4 28. Rf1 Qd4+ 0-1

[Event "European Blitz 2022"]
[Site "Katowice POL"]
[Date "2022.12.16"]
[Round "1.36"]
[White "Alexakis, Dimitris"]
[Black "Peglau, Dora"]
[Result "1-0"]
[WhiteTitle "IM"]
[WhiteElo "2486"]
[BlackElo "1869"]
[WhiteFideId "4277023"]
[BlackFideId "16220005"]
[EventDate "2022.12.16"]

1. e4 c6 2. Nc3 d5 3. Nf3 dxe4 4. Nxe4 Nd7 5. d4 Ngf6 6. Nxf6+ Nxf6 7. c3 Bg4 8.
h3 Bh5 9. g4 Bg6 10. Bg2 e6 11. Bf4 Bd6 12. Ne5 Qc7 13. Qe2 O-O-O 14. h4 Nd5 15.
Bg3 f6 16. Nxg6 hxg6 17. Qxe6+ Kb8 18. Bxd6 Rxd6 19. Qe4 f5 20. gxf5 gxf5 21.
Qe5 Qd7 22. O-O-O Re8 23. Qg3 Ka8 24. Rhe1 Rde6 25. Re5 g6 26. Rde1 Nc7 27. f4
R8e7 28. Bf1 Ne8 29. Bc4 Rxe5 30. dxe5 Nc7 31. Rd1 Qe8 32. Rd6 Ne6 33. a4 Kb8
34. Qe3 a6 35. a5 Nf8 36. Qd4 Kc7 37. Qb6+ Kc8 38. Bxa6 bxa6 39. Rxc6+ Kd7 40.
Rc7+ Kd8 41. Qb8# 1-0

[Event "European Blitz 2022"]
[Site "Katowice POL"]
[Date "2022.12.16"]
[Round "1.37"]
[White "Grossmann, Ryszard"]
[Black "Kosteniuk, Alexandra"]
[Result "1-0"]
[WhiteTitle "FM"]
[BlackTitle "GM"]
[WhiteElo "1904"]
[BlackElo "2520"]
[WhiteFideId "1102214"]
[BlackFideId "4128125"]
[EventDate "2022.12.16"]

1. d4 f5 2. c4 Nf6 3. Nc3 g6 4. g3 Bg7 5. Bg2 O-O 6. Nf3 d6 7. O-O a5 8. e4 fxe4
9. Ng5 Nc6 10. Be3 Bg4 11. Qd2 e5 12. d5 Ne7 13. Ngxe4 Nxe4 14. Nxe4 Qc8 15.
Rfe1 a4 16. Rac1 a3 17. b3 b6 18. Ng5 Rb8 19. h3 Bd7 20. Kh2 Kh8 21. Ne4 Nf5 22.
b4 Nxe3 23. Qxe3 Qd8 24. Rc3 b5 25. c5 dxc5 26. Nxc5 Qe7 27. Rxa3 Bf5 28. Ra7
Qd6 29. Rc1 Ra8 30. Rxa8 Rxa8 31. Qb3 Rf8 32. Be4 Bc8 33. f3 Bh6 34. Rc2 Qf6 35.
Kg2 Bf5 36. Qd3 Bxe4 37. Qxe4 Qd6 38. a3 Ra8 39. Rc3 Bd2 40. Rd3 Bc1 41. Ne6
Rxa3 42. Rxa3 Bxa3 43. Qh4 Kg8 44. Qf6 1-0

[Event "European Blitz 2022"]
[Site "Katowice POL"]
[Date "2022.12.16"]
[Round "1.39"]
[White "Aksianevich, Yury"]
[Black "Sebenik, Matej"]
[Result "0-1"]
[BlackTitle "GM"]
[WhiteElo "1831"]
[BlackElo "2538"]
[WhiteFideId "13508911"]
[BlackFideId "14602296"]
[EventDate "2022.12.16"]

1. d4 d5 2. c4 e6 3. Nc3 Nf6 4. Bg5 dxc4 5. e4 c5 6. Nf3 cxd4 7. Nxd4 Qa5 8.
Bxf6 gxf6 9. Bxc4 Bd7 10. O-O Nc6 11. Ndb5 Rc8 12. Nd6+ Bxd6 13. Qxd6 Qb4 14.
Qxb4 Nxb4 15. Bb3 Nd3 16. Nb5 Bxb5 0-1

[Event "European Blitz 2022"]
[Site "Katowice POL"]
[Date "2022.12.16"]
[Round "1.40"]
[White "Sahidi, Samir"]
[Black "Piotrowski, Daniel"]
[Result "1-0"]
[WhiteTitle "IM"]
[WhiteElo "2494"]
[BlackElo "1763"]
[WhiteFideId "14936372"]
[BlackFideId "21815780"]
[EventDate "2022.12.16"]

1. e4 c5 2. Nf3 e6 3. c3 Nf6 4. e5 Nd5 5. d4 cxd4 6. cxd4 d6 7. Bc4 Nb6 8. Bb3
Nc6 9. Qe2 dxe5 10. dxe5 Nb4 11. O-O Qd3 12. Qxd3 Nxd3 13. Nc3 Be7 14. Rd1 Nxc1
15. Raxc1 O-O 16. Nb5 Bd7 17. Nd6 Bc6 18. Nd4 Bd5 19. Rc7 Bd8 20. Rc2 Be7 21.
Bxd5 Nxd5 22. Nxb7 Rab8 23. Na5 Nb4 24. Rcd2 Bg5 25. Re2 Nxa2 26. Ndc6 Rb5 27.
g3 Nb4 28. f4 Nxc6 29. Nxc6 Rb6 30. Rd6 Bh6 31. Nxa7 Rb7 32. Nc6 g6 33. Kf2 Rc8
34. Rc2 Rbc7 35. Ne7+ Rxe7 36. Rxc8+ Kg7 37. b4 g5 38. Kf3 gxf4 39. gxf4 Rb7 40.
Rd4 Kg6 41. Kg4 Bg7 42. h4 h5+ 43. Kf3 Ra7 44. Rc3 Ra1 45. Rb3 Bf8 46. Rc4 Be7
47. b5 Bxh4 48. b6 Rf1+ 49. Ke2 Rf2+ 50. Ke3 Rf1 51. b7 1-0

[Event "European Blitz 2022"]
[Site "Katowice POL"]
[Date "2022.12.16"]
[Round "1.41"]
[White "Widelski, Kacper"]
[Black "Blohberger, Felix"]
[Result "0-1"]
[BlackTitle "GM"]
[WhiteElo "1867"]
[BlackElo "2490"]
[WhiteFideId "1159950"]
[BlackFideId "1632051"]
[EventDate "2022.12.16"]

1. c4 e5 2. g3 Bc5 3. Bg2 d6 4. Nc3 Nf6 5. d3 O-O 6. e3 c6 7. Nge2 Re8 8. O-O
Bb6 9. b4 Be6 10. Rb1 d5 11. cxd5 cxd5 12. d4 e4 13. Na4 Bg4 14. h3 Bh5 15. g4
Bg6 16. Nxb6 axb6 17. Qb3 Nc6 18. Nf4 Ne7 19. b5 h5 20. gxh5 Nxh5 21. Nxh5 Bxh5
22. Ba3 Nf5 23. Kh2 Nh4 24. Rg1 Qb8+ 25. Kh1 Bf3 26. Bb4 Nxg2 27. Rxg2 Qc8 28.
Kh2 Bxg2 29. Kxg2 Qf5 30. Bd6 Re6 31. Bg3 Rc8 32. Qd1 Rh6 33. h4 g5 34. hxg5
Qh3+ 35. Kg1 Qh1# 0-1

[Event "European Blitz 2022"]
[Site "Katowice POL"]
[Date "2022.12.16"]
[Round "1.42"]
[White "Stefansson, Hannes"]
[Black "Kleinert, Juergen"]
[Result "1-0"]
[WhiteTitle "GM"]
[WhiteElo "2526"]
[BlackElo "1855"]
[WhiteFideId "2300087"]
[BlackFideId "4659180"]
[EventDate "2022.12.16"]

1. e4 e5 2. Nf3 d5 3. exd5 Bd6 4. d4 e4 5. Ne5 Nf6 6. Nc3 O-O 7. Bg5 h6 8. Bh4
Bf5 9. Be2 Re8 10. Qd2 Bxe5 11. dxe5 Rxe5 12. O-O-O Nbd7 13. g4 Bg6 14. Bg3 Re8
15. h4 Ne5 16. g5 hxg5 17. hxg5 Nh7 18. Bf4 Qd7 19. Qe3 Qf5 20. Rh4 Nf3 21. Rhh1
Rad8 22. Bxc7 Rd7 23. d6 Nfxg5 24. Bb5 Re6 1-0

[Event "European Blitz 2022"]
[Site "Katowice POL"]
[Date "2022.12.16"]
[Round "1.43"]
[White "Hartlinski, Tomasz"]
[Black "Hjartarson, Johann"]
[Result "1-0"]
[BlackTitle "GM"]
[WhiteElo "1480"]
[BlackElo "2476"]
[WhiteFideId "21039658"]
[BlackFideId "2300044"]
[EventDate "2022.12.16"]

1. d4 Nf6 2. c4 e6 3. Nf3 Bb4+ 4. Bd2 c5 5. a3 Bxd2+ 6. Qxd2 b6 7. Nc3 Bb7 8. g3
cxd4 9. Qxd4 Nc6 10. Qd1 O-O 11. Bg2 Ne5 12. O-O Nxc4 13. Qb3 Rc8 14. Rfd1 d5
15. Rac1 Qe7 16. Nd2 Nd6 17. Nf3 e5 18. Qb4 Rc4 19. Qb3 Rfc8 20. h3 h6 21. Kh2
d4 22. Nd5 Bxd5 23. Rxc4 Nxc4 24. Rc1 Qb7 25. Qc2 Nd6 26. Qd2 Nfe4 27. Rxc8+
Qxc8 28. Qb4 Qe6 29. h4 Nxf2 30. Qa4 Ng4+ 31. Kg1 Ne3 32. Qxa7 Nxg2 33. Kxg2 Nf5
34. Qb8+ Kh7 35. Qxe5 Qxe5 1-0

[Event "European Blitz 2022"]
[Site "Katowice POL"]
[Date "2022.12.16"]
[Round "1.44"]
[White "Seo, Jung Min"]
[Black "Spicak, Krzysztof"]
[Result "1/2-1/2"]
[WhiteTitle "IM"]
[WhiteElo "2502"]
[BlackElo "1860"]
[WhiteFideId "1734687"]
[BlackFideId "1106546"]
[EventDate "2022.12.16"]

1. e4 d6 2. d4 Nf6 3. Nc3 g6 4. Be3 Bg7 5. f3 c6 6. Qd2 h5 7. Nge2 b5 8. Nf4 a5
9. e5 dxe5 10. dxe5 Qxd2+ 11. Bxd2 Nfd7 12. e6 Nc5 13. exf7+ Kxf7 14. O-O-O e5
15. Nd3 Nba6 16. Nxc5 Nxc5 17. Be3 Na6 18. Ne4 Bf8 19. Nd6+ Bxd6 20. Rxd6 Nb8
21. Be2 Be6 22. Rhd1 Re8 23. b3 a4 24. Kb2 Re7 25. Bc5 Rd7 26. Rxd7+ Nxd7 27.
Be3 axb3 28. axb3 Ke7 29. Bg5+ Kf7 30. Rd6 Rc8 31. Bd3 Nf8 32. Be4 Nh7 33. Be3
Nf6 34. Bxc6 Ke7 35. Bc5 Kf7 36. b4 Bc4 37. Bb7 Rc7 38. Ba8 Rd7 39. Rxd7+ Nxd7
40. Be3 Ke6 41. Be4 Kf6 42. Kc3 Nf8 43. Bd3 Bxd3 44. Kxd3 Ne6 45. Ke4 g5 46. Kd5
Kf5 47. c4 1/2-1/2

[Event "European Blitz 2022"]
[Site "Katowice POL"]
[Date "2022.12.16"]
[Round "1.45"]
[White "Adamski, Adam"]
[Black "Szpar, Milosz"]
[Result "0-1"]
[BlackTitle "IM"]
[WhiteElo "1894"]
[BlackElo "2428"]
[WhiteFideId "1186370"]
[BlackFideId "1184989"]
[EventDate "2022.12.16"]

1. e4 c5 2. b3 g6 3. Bb2 Nf6 4. e5 Nd5 5. e6 f6 6. c4 Nf4 7. exd7+ Bxd7 8. d4
cxd4 9. Qxd4 e5 10. Qe3 Na6 11. Nf3 Nb4 12. Na3 Qa5 13. O-O-O Nxa2+ 14. Kb1 Bxa3
15. Kxa2 Bc5+ 0-1

[Event "European Blitz 2022"]
[Site "Katowice POL"]
[Date "2022.12.16"]
[Round "1.47"]
[White "Wydmanski, Szymon"]
[Black "Gavrilescu, David"]
[Result "0-1"]
[BlackTitle "IM"]
[WhiteElo "1821"]
[BlackElo "2522"]
[WhiteFideId "21866759"]
[BlackFideId "1227190"]
[EventDate "2022.12.16"]

1. Nf3 d5 2. e3 Nf6 3. c4 e6 4. b3 c5 5. Bb2 Nc6 6. cxd5 exd5 7. d4 cxd4 8. Nxd4
Bb4+ 9. Bc3 Bd6 10. Nd2 O-O 11. Be2 Re8 12. O-O Bc7 13. Rc1 Qd6 14. N2f3 a6 15.
Qc2 Bg4 16. Nf5 Qe6 17. N3d4 Nxd4 18. Nxd4 Qd7 19. Bxg4 Nxg4 20. h3 Ne5 21. Qf5
Qd6 22. Qg5 h6 23. Qg3 Qd7 24. f4 Ng6 25. Qf3 Rac8 26. Rfd1 Bb6 27. Kh2 Re7 28.
Ba1 Rce8 29. Re1 Bc7 30. Kg1 Bd6 31. Rcd1 Nh4 32. Qxd5 Rd8 33. Nf3 Nf5 34. Qd2
Qe8 35. Qf2 Bc5 36. Ne5 Rxd1 0-1

[Event "European Blitz 2022"]
[Site "Katowice POL"]
[Date "2022.12.16"]
[Round "1.49"]
[White "Czyz, Andrzej"]
[Black "Kozak, Antoni"]
[Result "0-1"]
[WhiteElo "1916"]
[BlackElo "2422"]
[WhiteFideId "1106406"]
[BlackFideId "21832030"]
[EventDate "2022.12.16"]

1. d4 d5 2. Bf4 Nf6 3. e3 c6 4. c3 Bf5 5. Bd3 Bg6 6. Nf3 Nbd7 7. Ne5 Nxe5 8.
Bxe5 e6 9. O-O Bd6 10. Bg3 Bxg3 11. hxg3 Qe7 12. Qc2 e5 13. dxe5 Qxe5 14. Nd2
Qh5 15. Nf3 O-O-O 16. a4 Kb8 17. a5 c5 18. Qb1 Be4 19. b4 c4 20. Bc2 Rhe8 21. b5
Ng4 22. Rd1 Bxf3 23. Bf5 0-1

[Event "European Blitz 2022"]
[Site "Katowice POL"]
[Date "2022.12.16"]
[Round "1.50"]
[White "Samunenkov, Ihor"]
[Black "Gibala, Adam"]
[Result "1-0"]
[WhiteTitle "IM"]
[WhiteElo "2488"]
[BlackElo "1679"]
[WhiteFideId "14187086"]
[BlackFideId "21070288"]
[EventDate "2022.12.16"]

1. d4 Nf6 2. c4 e6 3. Nf3 c5 4. d5 exd5 5. cxd5 d6 6. Nc3 g6 7. e4 Bg7 8. h3 O-O
9. Be3 Re8 10. Nd2 a6 11. a4 Nbd7 12. Be2 Rb8 13. O-O Qc7 14. a5 b5 15. axb6
Qxb6 16. Nc4 Qc7 17. Bf4 Bf8 18. Qc2 Nb6 19. Na5 Bd7 20. b3 Bg7 21. Ra2 h6 22.
Bd3 Ra8 23. Re1 Nh5 24. Bh2 Be5 25. Bxe5 Rxe5 26. Qd2 Kg7 27. f4 Ree8 28. Raa1
Kh7 29. Qf2 Qd8 30. e5 dxe5 31. fxe5 Qe7 32. d6 Qg5 33. Qxf7+ 1-0

[Event "European Blitz 2022"]
[Site "Katowice POL"]
[Date "2022.12.16"]
[Round "1.51"]
[White "Zarebska, Lena"]
[Black "Nasuta, Grzegorz"]
[Result "0-1"]
[BlackTitle "GM"]
[WhiteElo "1879"]
[BlackElo "2546"]
[WhiteFideId "21807698"]
[BlackFideId "1141686"]
[EventDate "2022.12.16"]

1. e4 c5 2. Nf3 d6 3. d4 cxd4 4. Nxd4 Nf6 5. Nc3 a6 6. Be3 e6 7. Be2 Nbd7 8. O-O
b5 9. f3 Bb7 10. a4 b4 11. Nb1 Be7 12. c3 d5 13. exd5 Nxd5 14. Bf2 O-O 15. Bc4
Qc7 16. Bxd5 Bxd5 17. Bg3 Qa7 18. Kh1 Rfd8 19. Qe2 bxc3 20. bxc3 Rac8 21. Re1
Bf6 22. Bf2 Qb7 23. Nd2 Rxc3 24. Rab1 Qa8 25. Ne4 Bxe4 26. fxe4 Ne5 27. Nf3 Nxf3
28. gxf3 Rdc8 29. Rb2 Rxf3 30. Qxf3 Bxb2 31. Bg3 h6 32. Rf1 Qb7 33. h3 Rc4 34.
Qd3 Qxe4+ 0-1

[Event "European Blitz 2022"]
[Site "Katowice POL"]
[Date "2022.12.16"]
[Round "1.52"]
[White "Krzyzanowski, Marcin"]
[Black "Stadlinger, Lea"]
[Result "1-0"]
[WhiteTitle "GM"]
[WhiteElo "2538"]
[BlackElo "1837"]
[WhiteFideId "1132199"]
[BlackFideId "1656848"]
[EventDate "2022.12.16"]

1. Nf3 Nf6 2. d4 d5 3. Bf4 e6 4. e3 Nbd7 5. Nbd2 b6 6. Bd3 Bb7 7. O-O Be7 8. Qe2
O-O 9. c3 c5 10. Ne5 Nxe5 11. Bxe5 Bd6 12. f4 Qc7 13. Bxf6 gxf6 14. Bxh7+ Kxh7
15. Qh5+ Kg7 16. Qg4+ Kh7 17. Rf3 Rg8 18. Rh3# 1-0

[Event "European Blitz 2022"]
[Site "Katowice POL"]
[Date "2022.12.16"]
[Round "1.53"]
[White "Ivanov, Taras"]
[Black "Stefanova, Antoaneta"]
[Result "0-1"]
[BlackTitle "GM"]
[WhiteElo "1716"]
[BlackElo "2442"]
[WhiteFideId "14184117"]
[BlackFideId "2902257"]
[EventDate "2022.12.16"]

1. d4 d5 2. g3 Bf5 3. Bg2 e6 4. Nf3 h6 5. c4 c6 6. O-O Nd7 7. Nc3 Ngf6 8. Nd2
Be7 9. e4 dxe4 10. Ndxe4 O-O 11. Qb3 Qb6 12. Qxb6 Nxb6 13. b3 a5 14. Be3 Nfd7
15. Rfd1 Ba3 16. Bc1 Bb4 17. Bf4 a4 18. Bd6 Bxc3 19. Nxc3 Rfc8 20. Rac1 axb3 21.
axb3 Nf6 22. Ne2 Ra2 23. Nf4 Bc2 24. Rd2 Bxb3 25. Rxa2 Bxa2 26. c5 Nbd5 27. Rc2
Ra8 28. Rb2 Bc4 29. h4 Ng4 30. Bf3 Ra1+ 31. Kg2 Bf1+ 32. Kh1 Bh3+ 0-1

[Event "European Blitz 2022"]
[Site "Katowice POL"]
[Date "2022.12.16"]
[Round "1.54"]
[White "Gaehwiler, Gabriel"]
[Black "Namyslak, Piotr"]
[Result "1-0"]
[WhiteTitle "IM"]
[WhiteElo "2408"]
[BlackElo "1763"]
[WhiteFideId "1314530"]
[BlackFideId "1187694"]
[EventDate "2022.12.16"]

1. d4 f5 2. g3 Nf6 3. Bg2 g6 4. c4 Bg7 5. Nf3 O-O 6. O-O e6 7. d5 exd5 8. cxd5
b6 9. Nc3 Bb7 10. Nd4 h6 11. b3 Kh7 12. Bb2 Na6 13. a3 Nc5 14. Qc2 Re8 15. Rfd1
Bh8 16. Nc6 Bxc6 17. dxc6 d6 18. Nb5 a6 19. Nd4 Qe7 20. b4 Ne6 21. Nb3 Bg7 22.
Rac1 Ng5 23. e3 Nfe4 24. Nd4 Ne6 25. Ne2 Bxb2 26. Qxb2 Qf6 27. Qc2 N4g5 28. Nc3
Nf7 29. Nd5 Qd8 30. Qc3 Ne5 31. f4 Ng4 32. h3 Nxe3 33. Nf6+ Kg7 34. Nxe8+ Kf7
35. Nxd6+ cxd6 36. Qxe3 Qc7 37. Bd5 Re8 38. Re1 Kf6 39. Qc3+ Kf7 40. Rxe6 Rxe6
41. Re1 1-0

[Event "European Blitz 2022"]
[Site "Katowice POL"]
[Date "2022.12.16"]
[Round "1.55"]
[White "Marciniak, Leonard"]
[Black "Licznerski, Lukasz"]
[Result "0-1"]
[BlackTitle "IM"]
[WhiteElo "1846"]
[BlackElo "2441"]
[WhiteFideId "21850801"]
[BlackFideId "1179250"]
[EventDate "2022.12.16"]

1. d4 Nf6 2. c4 g6 3. Nc3 d5 4. Nf3 Bg7 5. Qb3 dxc4 6. Qxc4 O-O 7. e4 Nc6 8. Be2
Bg4 9. Be3 Bxf3 10. Bxf3 e5 11. d5 Nd4 12. Bd1 c6 13. dxc6 Rc8 14. O-O Rxc6 15.
Qd3 Nf3+ 16. Bxf3 Qxd3 17. Rfd1 Qa6 18. Be2 Qa5 19. a3 Rxc3 20. bxc3 Nxe4 21.
Bd3 Nxc3 22. Rdc1 e4 23. Bf1 f5 24. g3 Be5 25. Bd2 Ne2+ 26. Bxe2 Qxd2 27. Bc4+
Kg7 28. Rd1 Qg5 29. Rd7+ Kh6 30. Kh1 Qh5 31. Re1 Qf3+ 32. Kg1 Qc3 0-1

[Event "European Blitz 2022"]
[Site "Katowice POL"]
[Date "2022.12.16"]
[Round "1.56"]
[White "Costachi, Mihnea"]
[Black "Kozlowski, Franciszek"]
[Result "1-0"]
[WhiteTitle "IM"]
[WhiteElo "2476"]
[BlackElo "1835"]
[WhiteFideId "1217518"]
[BlackFideId "21899037"]
[EventDate "2022.12.16"]

1. d4 Nf6 2. c4 e6 3. Nf3 d5 4. Nc3 Be7 5. Bg5 O-O 6. e3 h6 7. Bh4 Ne4 8. Bxe7
Qxe7 9. Qc2 Nxc3 10. Qxc3 dxc4 11. Bxc4 b6 12. O-O Bb7 13. Be2 Rc8 14. b4 Nd7
15. Rfc1 c5 16. bxc5 bxc5 17. Qa3 Qf8 18. Bb5 Bc6 19. Bxc6 Rxc6 20. Rc2 c4 21.
Qa4 Qc8 22. Rac1 Nb6 23. Qb5 a6 24. Qa5 Nd7 25. Nd2 Rb8 26. h3 Rb5 27. Qa3 Nb6
28. e4 a5 29. Qf3 a4 30. Kh2 Rc7 31. g3 a3 32. Qxa3 Qb7 33. Qe3 Qa6 34. a3 Qa4
35. Qf4 Rc8 36. Qd6 c3 37. Rxc3 Rxc3 38. Rxc3 Qa8 39. Qc6 Rb2 40. Qxa8+ Nxa8 41.
Rd3 Nb6 42. Kg2 Ra2 43. d5 exd5 44. exd5 Nd7 45. Ne4 Kf8 46. d6 f5 47. Nd2 Kf7
48. Nf3 Ke6 49. Nd4+ Ke5 50. Nc6+ Ke6 51. Nd8+ Ke5 52. Nc6+ Ke6 53. Nb4 Rb2 54.
Na6 Ne5 55. Nc5+ 1-0

[Event "European Blitz 2022"]
[Site "Katowice POL"]
[Date "2022.12.16"]
[Round "1.57"]
[White "Korou, Laskarina"]
[Black "Peyrer, Konstantin"]
[Result "0-1"]
[BlackTitle "FM"]
[WhiteElo "1815"]
[BlackElo "2380"]
[WhiteFideId "4204832"]
[BlackFideId "1640879"]
[EventDate "2022.12.16"]

1. e4 e5 2. Nf3 Nc6 3. d4 exd4 4. Nxd4 Nf6 5. Nc3 Bb4 6. Nb5 a6 7. Na3 Nxe4 8.
Bd2 Nxd2 9. Qxd2 O-O 10. Be2 d5 11. O-O d4 12. Bd3 dxc3 13. Qf4 cxb2 14. Rad1
Qf6 15. Qxf6 gxf6 16. Nc4 Bg4 17. Rde1 Bxe1 18. Rxe1 Rfe8 19. Ne3 Be6 20. Rb1 f5
21. h3 f4 22. Nc4 Bxc4 23. Bxc4 Rad8 24. Rxb2 Rd1+ 25. Kh2 Ree1 26. g3 f3 27. g4
Rg1 28. h4 Rg2+ 0-1

[Event "European Blitz 2022"]
[Site "Katowice POL"]
[Date "2022.12.16"]
[Round "1.58"]
[White "Wieczorek, Oskar"]
[Black "Orlik, Sandra"]
[Result "1-0"]
[WhiteTitle "GM"]
[WhiteElo "2504"]
[BlackElo "1809"]
[WhiteFideId "1133950"]
[BlackFideId "1195140"]
[EventDate "2022.12.16"]

1. e4 c5 2. Nf3 e6 3. g3 Nc6 4. Bg2 g6 5. O-O Bg7 6. c3 Nge7 7. d4 cxd4 8. cxd4
d5 9. e5 O-O 10. h4 Nf5 11. Nc3 Qb6 12. Ne2 h5 13. Bh3 Bd7 14. Bxf5 exf5 15. Rb1
a5 16. Bg5 Rfc8 17. Nf4 Be6 18. Re1 a4 19. Bf6 Ra5 20. Bxg7 Kxg7 21. Ng5 Nxd4
22. Qxd4 Qxd4 23. Ngxe6+ fxe6 24. Nxe6+ Kf7 25. Nxd4 Rac5 26. Rbd1 1-0

[Event "European Blitz 2022"]
[Site "Katowice POL"]
[Date "2022.12.16"]
[Round "1.59"]
[White "Arciszewska, Zuzanna"]
[Black "Manik, Mikulas"]
[Result "0-1"]
[BlackTitle "GM"]
[WhiteElo "1794"]
[BlackElo "2359"]
[WhiteFideId "21816549"]
[BlackFideId "14900734"]
[EventDate "2022.12.16"]

1. d4 Nf6 2. Nf3 g6 3. c4 Bg7 4. Nc3 O-O 5. e4 d6 6. Be2 e5 7. O-O Nbd7 8. Be3
c6 9. Ne1 Qe7 10. f3 Nh5 11. Qd2 f5 12. Nc2 Nf4 13. dxe5 Nxe2+ 14. Qxe2 Nxe5 15.
Rad1 Be6 16. Na3 f4 17. Bf2 g5 18. Rd2 g4 19. fxg4 Bxg4 20. Qe1 f3 21. Bh4 Qe6
22. Bg3 fxg2 23. Rxg2 Nf3+ 24. Rxf3 Bxf3 25. Rf2 Bd4 26. Qf1 Bg4 27. Ne2 Bxe2
28. Qxe2 Qg6 29. Kh1 Bxf2 30. Bxf2 Rae8 0-1

[Event "European Blitz 2022"]
[Site "Katowice POL"]
[Date "2022.12.16"]
[Round "1.60"]
[White "Horvath, Dominik"]
[Black "Jozwik, Jacek"]
[Result "1-0"]
[WhiteTitle "IM"]
[WhiteElo "2502"]
[BlackElo "1842"]
[WhiteFideId "1642561"]
[BlackFideId "1113488"]
[EventDate "2022.12.16"]

1. e4 c5 2. c3 g6 3. d4 cxd4 4. cxd4 d5 5. exd5 Nf6 6. Nc3 Nxd5 7. Nf3 Bg7 8.
Qb3 Nb6 9. Bb5+ Bd7 10. Ne5 O-O 11. Nxd7 N8xd7 12. O-O Nf6 13. Rd1 Nfd5 14. Be2
e6 15. Ne4 Rc8 16. Bg5 f6 17. Bd2 f5 18. Bg5 Qd7 19. Nc5 Qf7 20. a4 Bxd4 21.
Rxd4 Rxc5 22. a5 Nc8 23. Bf3 Re8 24. Re1 b6 25. axb6 Ncxb6 26. Qa3 Rc2 27. Qd6
Rxb2 28. h4 Qf8 29. Rxe6 Qxd6 30. Rxd6 Nc3 31. h5 Ne4 32. Bxe4 Rxe4 33. Rd8+ Kf7
34. R4d7+ Ke6 35. Re7# 1-0